Score 0/42 Timer 03:00
0 Plays Today
Clue 4-Letter Word % Correct
♥ Lies made Pinocchio's grow ♥NOSE
92.2%
Egyptian riverNILE
87.9%
♥ The long portion of a bottle ♥NECK
87.3%
Youngest Jonas brotherNICK
82.9%
By any other name, it would smell as sweetROSE
82.9%
'Driving ___ Daisy'MISS
82.8%
Chicken, beef, or turkey, e.g.MEAT
80.1%
City on the French RivieraNICE
78.9%
___-a-Roni, the San Francisco treatRICE
78.6%
Castle protectionMOAT
78%
♥ Shakira's '___ Don't Lie' ♥HIPS
77.7%
Character portrayed by an actorROLE
77.5%
Ready to be eaten, like fruitRIPE
76.9%
A tunneling yard rodentMOLE
76.5%
Snake's accompaniment to a boo?HISS
75%
IrkRILE
74.2%
SlenderTHIN
73.7%
Academy Award winner GregoryPECK
73.7%
White Zombie's 'More Human ___ Human'THAN
73.2%
'___ Thing You Do': Tom Hanks movieTHAT
72.2%
Astley who's never gonna give you upRICK
71.8%
Clue 4-Letter Word % Correct
Udder partTEAT
71%
The greatest numberMOST
66.9%
Floating water particlesMIST
65.3%
Nasal no-no?PICK
64.4%
Penicillin's source?MOLD
62%
Slangy denialNOPE
61.8%
A large seagoing vesselSHIP
59.3%
Brood, perhapsMOPE
57.6%
Indiana Jones' faithful weaponWHIP
57.3%
Purple-red root vegetableBEET
55.3%
A honeyed beverageMEAD
54.7%
♥ Japanese sect of Buddhism ♥SHIN
54.7%
♥ Elijah Wood's are happy as a penguin ♥FEET
52.7%
One of the things Old King Cole called forPIPE
51.6%
An Englishman, for shortBRIT
50%
Declare card combosMELD
47.9%
Spots on dice or dominoesPIPS
45.9%
Michaels of 'Rock of Love'BRET
45.9%
♥ Rosette of lettuce ♥HEAD
44.9%
___ of habeas corpusWRIT
44.9%
The smallest imaginable partWHIT
37.5%

Today's Daily Dose

Remove Ads.
Support Sporcle.
Get the best of Sporcle when you Go Orange. This ad-free experience offers more features, more stats, and more fun while also helping to support Sporcle. Thank you for becoming a member.

You're not logged in!

Compare scores with friends on all Sporcle quizzes.
OR
Log In

Show Comments

Extras

Top Quizzes Today


Score Distribution

Your Account Isn't Verified!

In order to create a playlist on Sporcle, you need to verify the email address you used during registration. Go to your Sporcle Settings to finish the process.

Report this User

Report this user for behavior that violates our Community Guidelines.

Details: